[Event "Montreal Elite POM"]
[Site "Montreal"]
[Date "2012.10.06"]
[Round "3.12"]
[White "Rondon, Luciano"]
[Black "Pichette, Mickaelin"]
[Result "0-1"]
[WhiteElo "2014"]
[BlackElo "1894"]
[PlyCount "50"]
[EventDate "2012.10.05"]
[EventType "swiss"]
[EventRounds "7"]
[EventCountry "CAN"]
[SourceTitle "EXT 2022"]
[Source "ChessBase"]
[SourceDate "2021.10.06"]
[SourceVersion "1"]
[SourceVersionDate "2021.10.06"]
[SourceQuality "1"]

1. d4 Nf6 2. c4 e6 3. Nf3 d5 4. g3 c5 5. cxd5 exd5 6. Bg2 Nc6 7. Nc3 Bg4 8. Bg5 Bxf3 9. Bxf3 Nxd4 10. Bxf6 Qxf6 11. Bxd5 0-0-0 12. Qa4 a6 13. Be4 Bd6 14. 0-0 h5 15. Bd3 h4 16. Ne4 Qe5 17. Nxd6+ Rxd6 18. b4 hxg3 19. fxg3 Qe3+ 20. Kg2 Rdh6 21. h4 b5 22. Qa3 g5 23. Rf3 Qe5 24. Rxf7 Qd5+ 25. Rf3 g4 0-1

[Event "Quebec-ch Elite"]
[Site "Montreal"]
[Date "2011.10.09"]
[Round "4"]
[White "Pichette, Mickaelin"]
[Black "Robichaud, Louis"]
[Result "0-1"]
[WhiteElo "1893"]
[BlackElo "2157"]
[PlyCount "80"]
[EventDate "2011.10.07"]
[EventType "swiss"]
[EventRounds "7"]
[EventCountry "CAN"]
[SourceTitle "EXT 2022"]
[Source "ChessBase"]
[SourceDate "2021.10.06"]
[SourceVersion "1"]
[SourceVersionDate "2021.10.06"]
[SourceQuality "1"]

1. d4 Nf6 2. c4 g6 3. Nc3 Bg7 4. e4 d6 5. f4 0-0 6. Nf3 c5 7. d5 e6 8. Bd3 exd5 9. cxd5 c4 10. Bc2 b5 11. 0-0 b4 12. Na4 Re8 13. Re1 Bg4 14. Bd2 a5 15. h3 Bxf3 16. Qxf3 Nbd7 17. Rad1 Qb8 18. b3 c3 19. Be3 Re7 20. Bd4 Qe8 21. Kf2 Nh5 22. g4 Bxd4+ 23. Rxd4 Nhf6 24. g5 Nh5 25. e5 dxe5 26. d6 Re6 27. fxe5 Qb8 28. Rd5 Qa7+ 29. Kg2 Rae8 30. Bf5 Nxe5 31. d7 Nxd7 32. Bxe6 fxe6 33. Rb5 Rf8 34. Rb7 Qd4 35. Qe3 Qd5+ 36. Qe4 Qxg5+ 37. Qg4 Qd2+ 38. Re2 Nf4+ 39. Kh2 Nxe2 40. Qxe6+ Kh8 0-1

[Event "Quebec-ch Elite"]
[Site "Montreal"]
[Date "2011.10.07"]
[Round "1"]
[White "Pichette, Mickaelin"]
[Black "Leutschaft, Martin"]
[Result "0-1"]
[WhiteElo "1893"]
[BlackElo "2154"]
[PlyCount "88"]
[EventDate "2011.10.07"]
[EventType "swiss"]
[EventRounds "7"]
[EventCountry "CAN"]
[SourceTitle "EXT 2022"]
[Source "ChessBase"]
[SourceDate "2021.10.06"]
[SourceVersion "1"]
[SourceVersionDate "2021.10.06"]
[SourceQuality "1"]

1. d4 Nf6 2. c4 c5 3. d5 b5 4. cxb5 a6 5. bxa6 g6 6. Nf3 Bxa6 7. g3 d6 8. Nc3 Bg7 9. Bg2 0-0 10. 0-0 Nbd7 11. Bh3 Qc7 12. Bg5 Rfb8 13. Qd2 Qb7 14. Rab1 Nb6 15. Rfd1 Nc4 16. Qc2 h6 17. Bc1 Qb4 18. b3 Na3 19. Bxa3 Qxa3 20. e4 Nd7 21. Ne1 Ne5 22. Na4 g5 23. f4 gxf4 24. gxf4 Ng6 25. Qd2 Bb5 26. Nc3 Bxc3 27. Qxc3 Nxf4 28. Qg3+ Ng6 29. e5 Qb4 30. exd6 exd6 31. Qxd6 Be2 32. Rdc1 Qd4+ 33. Kh1 Rc8 34. a4 Ra6 35. Qd7 Rf8 36. Qc7 c4 37. bxc4 Rxa4 38. c5 Nf4 39. Qd7 Ra3 40. c6 Qf2 41. Qf5 Rg3 42. Qe4 Ng2 43. Qxg2 Bf3 44. Qxf3 Qg1# 0-1

[Event "Montreal op U2000"]
[Site "Montreal"]
[Date "2011.09.10"]
[Round "3"]
[White "Pichette, Mickaelin"]
[Black "Mireault, Sylvain"]
[Result "1-0"]
[WhiteElo "1891"]
[BlackElo "1674"]
[PlyCount "58"]
[EventDate "2011.09.09"]
[EventType "swiss"]
[EventRounds "5"]
[EventCountry "CAN"]
[SourceTitle "EXT 2022"]
[Source "ChessBase"]
[SourceDate "2021.10.06"]
[SourceVersion "1"]
[SourceVersionDate "2021.10.06"]
[SourceQuality "1"]

1. d4 Nf6 2. c4 g6 3. Nc3 Bg7 4. e4 d6 5. f4 0-0 6. Nf3 Nbd7 7. Bd3 e5 8. fxe5 dxe5 9. dxe5 Ng4 10. Bg5 Qe8 11. Nd5 Ngxe5 12. Nxc7 Nxf3+ 13. Qxf3 Ne5 14. Nxe8 Nxf3+ 15. gxf3 Rxe8 16. 0-0-0 Be6 17. b3 a5 18. Kd2 h6 19. Be3 Red8 20. a4 g5 21. h4 Bd4 22. hxg5 Bxe3+ 23. Kxe3 hxg5 24. Rh5 f6 25. Rdh1 Rf8 26. Rh8+ Kf7 27. R8h6 Ke7 28. c5 Rac8 29. Bc4 Rfe8 1-0

[Event "Montreal Hiver/Winter op"]
[Site "Montreal"]
[Date "1982.02.19"]
[Round "1"]
[White "Pichette, Mickaelin"]
[Black "Morin, Louis"]
[Result "1-0"]
[WhiteElo "1789"]
[BlackElo "1925"]
[PlyCount "45"]
[EventDate "1982.02.19"]
[EventType "swiss"]
[EventRounds "5"]
[EventCountry "CAN"]
[SourceTitle "EXT 2022"]
[Source "ChessBase"]
[SourceDate "2021.10.06"]
[SourceVersion "1"]
[SourceVersionDate "2021.10.06"]
[SourceQuality "1"]

1. e4 e5 2. Nf3 d6 3. Nc3 c5 4. Bc4 Be6 5. Nd5 Nf6 6. 0-0 Nxe4 7. d3 Nf6 8. Bg5 Be7 9. Bxf6 Bxf6 10. Nd2 0-0 11. Ne4 Be7 12. Qh5 Nd7 13. f4 Nf6 14. Ndxf6+ Bxf6 15. f5 Bxc4 16. dxc4 g6 17. Qh3 Qe7 18. Rad1 Rad8 19. Rd3 b5 20. Rdf3 gxf5 21. Qxf5 Bh8 22. Rg3+ Bg7 23. Nf6+ 1-0